MARC

LEADER 00000nam0a2200000 4500
001 89018
005 20231031102905.0
035 |a (RuTPU)RU\TPU\book\95512 
090 |a 89018 
100 |a 20060112d1978 km y0rusy50 ca 
101 0 |a rus 
102 |a RU 
105 |a a z 001zy 
200 1 |a Справочник молодого машиниста башенных кранов  |f В. А. Романюха, И. М. Смирнов 
205 |a 3-е изд., перераб. и доп. 
210 |a Москва  |c Высшая школа  |d 1978 
215 |a 224 с.  |c ил. 
225 1 |a Профтехобразование. Строительные машины 
610 1 |a машиностроение 
610 1 |a подъемные краны 
610 1 |a технические характеристики 
610 1 |a схемы 
610 1 |a эксплуатация 
610 1 |a обслуживание 
610 1 |a электрооборудование 
610 1 |a справочники 
675 |a 69.057.7:621.87(035)  |v 3 
700 1 |a Романюха  |b В. А.  |g Вадим Авксентьевич 
701 1 |a Смирнов  |b И. М.  |g Икар Михайлович 
801 1 |a RU  |b 63413507  |c 20060112  |g PSBO 
801 2 |a RU  |b 63413507  |c 20060306  |g PSBO 
942 |c BK